policz jak najwięcej w 15 sekund - Statystyki

Ogólne statystyki
  • Ten quiz został rozwiązany 267 razy
  • Średni wynik to 24 z 100
Statystyki odpowiedzi
numer % Poprawnych
1
99%
2
98%
3
96%
4
95%
5
95%
6
95%
8
94%
7
92%
9
91%
10
83%
11
82%
13
81%
12
79%
14
77%
15
73%
16
72%
17
69%
18
64%
19
61%
21
55%
20
53%
22
48%
23
47%
25
43%
24
42%
26
40%
27
38%
28
35%
29
34%
30
28%
31
25%
32
22%
33
22%
35
20%
36
19%
34
18%
37
17%
39
15%
38
13%
40
9%
41
9%
42
8%
43
7%
44
7%
45
6%
100
4%
46
4%
50
4%
51
4%
56
4%
72
4%
78
4%
47
3%
49
3%
52
3%
61
3%
62
3%
68
3%
82
3%
48
2%
55
2%
60
2%
66
2%
70
2%
71
2%
77
2%
80
2%
81
2%
84
2%
85
2%
87
2%
88
2%
92
2%
93
2%
53
1%
54
1%
58
1%
63
1%
64
1%
65
1%
67
1%
74
1%
79
1%
83
1%
90
1%
95
1%
96
1%
98
1%
99
1%
57
0%
59
0%
69
0%
73
0%
75
0%
76
0%
86
0%
89
0%
91
0%
94
0%
97
0%
Nie znaleziono quizów pasujących do podanych kryteriów
Rozkład punktacji
Procent ludzi z każdym wynikiem
Percentyl według liczby udzielonych odpowiedzi
Twoja historia wyników
Nie rozwiązałeś tego quizu